Giáo trình luật đất đai

Trình bày các vấn đề lí luận cơ bản về ngành luật đất đai. Cung cấp các kiến thức về chế độ sở hữu toàn dân và quản lí nhà nước về đất đai; địa vị pháp lí của người sử dụng đất; thủ tục hành chính trong quản lí, sử dụng đất đai...

Full beskrivning

Sparad:
Bibliografiska uppgifter
Huvudupphovsman: Trần Quang Huy (Chủ biên)
Övriga upphovsmän: Nguyễn Quang Tuyến, Nguyễn Thị Dung, Nguyễn Thị Nga, Phạm Thu Thuỷ
Materialtyp: Bok
Språk:Vietnamese
Publicerad: H. Công an nhân dân 2012
Upplaga:Tái bản lần thứ 11
Ämnen:
Taggar: Lägg till en tagg
Inga taggar, Lägg till första taggen!
Thư viện lưu trữ: Thư viện Trường Đại học Nam Cần Thơ
LEADER 02024aam a22003018a 4500
001 NCT_12672
008 120906s2012 ||||||viesd
999 |c 603  |d 603 
020 |c 60000 
082 0 4 |2 23rd ed.  |a 346.597043  |b H523 
100 1 |a Trần Quang Huy  |e Chủ biên 
245 0 0 |a Giáo trình luật đất đai  |c Trần Quang Huy (chủ biên) 
250 |a Tái bản lần thứ 11 
260 |a H.  |b Công an nhân dân  |c 2012 
300 |a 495tr.  |c 21cm 
500 |a ĐTTS ghi: Trường đại học Luật Hà Nội 
520 3 |a Trình bày các vấn đề lí luận cơ bản về ngành luật đất đai. Cung cấp các kiến thức về chế độ sở hữu toàn dân và quản lí nhà nước về đất đai; địa vị pháp lí của người sử dụng đất; thủ tục hành chính trong quản lí, sử dụng đất đai; chế độ pháp lí nhóm đất nông nghiệp và phi nông nghiệp; thanh tra, kiểm tra, giải quyết tranh chấp, khiếu nại, tố cáo về đất đai và xử lí vi phạm pháp luật đất đai 
653 |a Luật học 
655 7 |a Giáo trình 
700 1 |a Nguyễn Quang Tuyến 
700 1 |a Nguyễn Thị Dung 
700 1 |a Nguyễn Thị Nga 
700 1 |a Phạm Thu Thuỷ 
942 |2 ddc  |c BK 
952 |0 0  |1 0  |2 ddc  |4 0  |6 346_597043000000000_H523  |7 0  |9 4380  |a 000001  |b 000001  |d 2017-11-27  |l 2  |o 346.597043 H523  |p MD.03006  |q 2019-04-25  |r 2019-04-11  |s 2019-04-11  |v 60000.00  |w 2017-11-27  |y BK 
952 |0 0  |1 0  |2 ddc  |4 0  |6 346_597043000000000_H523  |7 0  |9 4381  |a 000001  |b 000001  |d 2017-11-27  |o 346.597043 H523  |p MD.03007  |r 2017-11-27  |v 60000.00  |w 2017-11-27  |y BK 
952 |0 0  |1 0  |2 ddc  |4 0  |6 346_597043000000000_H523  |7 0  |9 4635  |a 000001  |b 000001  |d 2017-11-28  |l 4  |o 346.597043 H523  |p MD.03005  |q 2022-03-07  |r 2022-02-21  |s 2022-02-21  |v 60000.00  |w 2017-11-28  |y BK 
980 |a Thư viện Trường Đại học Nam Cần Thơ